000 00622nam a2200229Ia 4500
003 OSt
005 20220923221651.0
006 a|||||r|||| 00| 0
007 ta
008 220922b |||||||| |||| 00| 0 hin d
024 _a199,193
037 _cTextual
040 _aARTS
_cARTS
_bhin
041 _2hin
_ahin
082 _aP31, 152K0
100 _aमहालिंगम, एस
245 0 _aतमिल स्वयंशिक्षक
246 _aTamil svayanshikṣhaka
260 _c1973
942 _hP31, 152K0
_cTEXL
_2CC
999 _c350968
_d350968